My bones and muscles. Champion 2. (Record no. 112966)
[ view plain ]
| 000 -LEADER | |
|---|---|
| fixed length control field | 00304nam a2200121 a 4500 |
| 001 - CONTROL NUMBER | |
| control field | 4140 |
| 005 - DATE AND TIME OF LATEST TRANSACTION | |
| control field | 20140414131957.0 |
| 008 - FIXED-LENGTH DATA ELEMENTS--GENERAL INFORMATION | |
| fixed length control field | 090218s19uu xx 00 eng d |
| 050 ## - LIBRARY OF CONGRESS CALL NUMBER | |
| Classification number | TR 612.7 |
| Item number | R19 2005 |
| 100 ## - MAIN ENTRY--PERSONAL NAME | |
| Personal name | Rau, Dana Meachen, 1971- |
| 245 ## - TITLE STATEMENT | |
| Title | My bones and muscles. Champion 2. |
| Withdrawn status | Lost status | Damaged status | Use restrictions | Home library | Current library | Shelving location | Date acquired | Source of acquisition | Total Checkouts | Full call number | Barcode | Date last seen | Price effective from | Koha item type |
|---|---|---|---|---|---|---|---|---|---|---|---|---|---|---|
| Munich Library | Munich Library | Teachers Reference Section | 02/18/2009 | TR 612.7 R19 2005 | M4392 | 04/14/2014 | 04/14/2014 | Books |